00230 a2200097 4500082001100000100001900011245004100030260003500071300001000106500001600116 a954.91 aMuhammad Aslam aTehreek- e- PakistancMuhammad Aslam aLahorebRahiz Brothers.c2000. a480p. aPaper cover